Topley & Wilson's Microbiology & Microbial Infections Cumulative Index (Record no. 16638)

000 -LEADER
fixed length control field 00308nam a22001217a 4500
003 - CONTROL NUMBER IDENTIFIER
control field OSt
005 - DATE AND TIME OF LATEST TRANSACTION
control field 20170105103446.0
008 - FIXED-LENGTH DATA ELEMENTS--GENERAL INFORMATION
fixed length control field 131203t xxu||||| |||| 00| 0 eng d
020 ## - INTERNATIONAL STANDARD BOOK NUMBER
International Standard Book Number 0340885602
040 ## - CATALOGING SOURCE
Transcribing agency ASAB
245 ## - TITLE STATEMENT
Title Topley & Wilson's Microbiology & Microbial Infections Cumulative Index
942 ## - ADDED ENTRY ELEMENTS (KOHA)
Source of classification or shelving scheme
Koha item type Book
Holdings
Withdrawn status Lost status Source of classification or shelving scheme Damaged status Not for loan Permanent Location Current Location Date acquired Total Checkouts Full call number Barcode Date last seen Price effective from Koha item type Collection code
          Atta-ur-Rahman School of Applied Biosciences (ASAB) Atta-ur-Rahman School of Applied Biosciences (ASAB) 12/03/2013   616.01 WIL ASAB1249 12/03/2013 12/03/2013 Book  
          Atta-ur-Rahman School of Applied Biosciences (ASAB) Atta-ur-Rahman School of Applied Biosciences (ASAB) 12/03/2013   616.01 WIL ASAB506 12/03/2013 12/03/2013 Book  
© 2023 Central Library, National University of Sciences and Technology. All Rights Reserved.